Loading...
Hindi ke pauranik natak (h)
| Main Author: | |
|---|---|
| Format: | Printed Book |
| Published: |
Kanpur
Saraswathi Prakashan
|
| Subjects: |
| LEADER | 00464nam a2200157 4500 | ||
|---|---|---|---|
| 082 | |a 8H2.09 JOS-H | ||
| 100 | |a Joshi, A | ||
| 245 | |a Hindi ke pauranik natak (h) | ||
| 250 | |||
| 260 | |a Kanpur |b Saraswathi Prakashan | ||
| 300 | |||
| 490 | |||
| 650 | |a Hindi drama criticism-- Hindi literature | ||
| 942 | |c BK | ||
| 999 | |c 230909 |d 230909 | ||
| 952 | |0 0 |1 0 |4 0 |6 8H2_09_000000000000000_JOSH |7 0 |9 245042 |a SDE |b SDE |d 2019-12-12 |l 0 |o 8H2.09 JOS-H |p SDE10309 |r 2019-12-12 |w 2019-12-12 |y BK | ||